All Banana Farm Upgrades - Bloons TD 6 - Statistics

General Stats
  • This quiz has been taken 30 times
  • The average score is 12 of 15
Answer Stats
Upgrade % Correct
Monkey Bank
96%
Banana Plantation
93%
Marketplace
93%
Monkey Wall Street
93%
IMF Loan
89%
Valuable Bananas
89%
Banana Research Facility
86%
Monkey-Nomics
86%
Banana Salvage
82%
Banana Central
79%
Long Life Bananas
79%
Central Market
75%
EZ Collect
64%
Greater Production
54%
Increased Production
43%
No matching quizzes found
Score Distribution
Percent of People with Each Score
Percentile by Number Answered
Your Score History
You have not taken this quiz